Biathlon World Cup Winner - Statistiken

Allgemein
  • Dieses Quiz wurde 304 mal gespielt
    85 seit der letzten Aktualisierung
  • Das Durchschnittsergebnis liegt bei 111 aus 273
Antwortstatistiken
Datum Division Position % Korrekt
3rd NOR Johannes Thingnes Bö
97%
2nd NOR Johannes Thingnes Bö
97%
3rd NOR Johannes Thingnes Bö
97%
2nd NOR Johannes Thingnes Bö
97%
M 1st NOR Johannes Thingnes Bö
97%
M 1st NOR Johannes Thingnes Bö
97%
M 1st NOR Johannes Thingnes Bö
97%
M 1st NOR Johannes Thingnes Bö
97%
M 1st NOR Johannes Thingnes Bö
97%
2nd NOR Johannes Thingnes Bö
97%
M 1st NOR Tarjei Bö
97%
2nd NOR Tarjei Bö
97%
3rd GER Franziska Preuß
86%
2024/2025 W 1st GER Franziska Preuss
86%
3rd NOR Johannes Dale - Skjevdal
84%
2016/2017 W 1st GER Laura Dahlmeier
81%
3rd ITA Dorothea Wierer
79%
2018/2019 W 1st ITA Dorothea Wierer
79%
2019/2020 W 1st ITA Dorothea Wierer
79%
2nd ITA Dorothea Wierer
79%
2022/2023 W 1st FRA Julia Simon
79%
3rd FRA Julia Simon
79%
3rd FRA Martin Fourcade
79%
M 1st FRA Martin Fourcade
79%
M 1st FRA Martin Fourcade
79%
M 1st FRA Martin Fourcade
79%
M 1st FRA Martin Fourcade
79%
M 1st FRA Martin Fourcade
79%
M 1st FRA Martin Fourcade
79%
M 1st FRA Martin Fourcade
79%
2nd FRA Martin Fourcade
79%
2nd SWE Elvira Öberg
74%
2nd FRA Lou Jeanmonnot
73%
2nd FRA Lou Jeanmonnot
73%
2007/2008 W 1st GER Magdalena Neuner
73%
2009/2010 W 1st GER Magdalena Neuner
73%
2011/2012 W 1st GER Magdalena Neuner
73%
2nd ITA Lisa Vittozzi
71%
3rd ITA Lisa Vittozzi
71%
2023/2024 W 1st ITA Lisa Vittozzi
71%
2nd NOR Sturla Holm Laegreid
71%
2nd NOR Sturla Holm Laegreid
71%
2nd NOR Sturla Holm Laegreid
71%
M 1st NOR Sturla Holm Laegreid
71%
2nd NOR Marte Olsbu Roiseland
70%
2021/2022 W 1st NOR Marte Olsbu Roiseland
70%
3rd SWE Sebastian Samuelsson
70%
3rd FRA Quentin Fillon Maillet
67%
3rd FRA Quentin Fillon Maillet
67%
3rd FRA Quentin Fillon Maillet
67%
M 1st FRA Quentin Fillon Maillet
67%
2nd NOR Tiril Eckhoff
63%
2020/2021 W 1st NOR Tiril Eckhoff
63%
2006/2007 W 1st GER Andrea Henkel
61%
3rd GER Andrea Henkel
61%
2nd GER Andrea Henkel
61%
3rd GER Andrea Henkel
61%
3rd GER Denise Herrmann
61%
2nd NOR Elin Kristiansen
61%
3rd NOR Emil Hegle Svendsen
61%
3rd NOR Emil Hegle Svendsen
61%
M 1st NOR Emil Hegle Svendsen
61%
2nd NOR Emil Hegle Svendsen
61%
2nd NOR Emil Hegle Svendsen
61%
2nd NOR Emil Hegle Svendsen
61%
2nd NOR Emil Hegle Svendsen
61%
3rd FRA Eric Perrot
61%
2010/2011 W 1st FIN Kaisa Mäkäräinen
61%
2013/2014 W 1st FIN Kaisa Mäkäräinen
61%
2nd FIN Kaisa Mäkäräinen
61%
3rd FIN Kaisa Mäkäräinen
61%
2017/2018 W 1st FIN Kaisa Mäkäräinen
61%
3rd AUT Lisa Theresa Hauser
61%
3rd NOR Vetle Sjaastad Christiansen
61%
2nd GER Kati Wilhelm
60%
2005/2006 W 1st GER Kati Wilhelm
60%
2nd GER Kati Wilhelm
60%
2nd GER Kati Wilhelm
60%
3rd NOR Ingrid Landmark Tandrevold
59%
2nd GER Sven Fischer
59%
3rd GER Sven Fischer
59%
M 1st GER Sven Fischer
59%
3rd GER Sven Fischer
59%
M 1st GER Sven Fischer
59%
3rd GER Sven Fischer
59%
2nd GER Sven Fischer
59%
3rd GER Sven Fischer
59%
3rd SLO Jakov Fak
57%
2nd FRG Fritz Fischer
56%
M 1st FRG Fritz Fischer
56%
2nd RUS Anton Shipulin
54%
3rd RUS Anton Shipulin
54%
2nd RUS Anton Shipulin
54%
3rd RUS Anton Shipulin
54%
3rd NOR Tora Berger
53%
3rd NOR Tora Berger
53%
2012/2013 W 1st NOR Tora Berger
53%
1st NOR Tora Berger
53%
M 1st GER Michael Greis
51%
2nd BLR Darya Domracheva
50%
2nd BLR Darya Domracheva
50%
3rd BLR Darya Domracheva
50%
2014/2015 W 1st BLR Darya Domracheva
50%
3rd BLR Darya Domracheva
50%
2nd CZE Gabriela Koukalova
50%
2nd NOR Ole Einar Björndalen
50%
M 1st NOR Ole Einar Björndalen
50%
2nd NOR Ole Einar Björndalen
50%
2nd NOR Ole Einar Björndalen
50%
2nd NOR Ole Einar Björndalen
50%
3rd NOR Ole Einar Björndalen
50%
M 1st NOR Ole Einar Björndalen
50%
2nd NOR Ole Einar Björndalen
50%
M 1st NOR Ole Einar Björndalen
50%
M 1st NOR Ole Einar Björndalen
50%
2nd NOR Ole Einar Björndalen
50%
M 1st NOR Ole Einar Björndalen
50%
M 1st NOR Ole Einar Björndalen
50%
2nd SVK Anastasiya Kuzmina
47%
3rd SVK Anastasiya Kuzmina
47%
3rd AUT Dominik Landertinger
47%
2nd NOR Liv Grete Poiree
47%
2nd NOR Liv Grete Poiree
47%
2003/2004 W 1st NOR Liv Grete Poiree
47%
M 1st FRA Raphaël Poiree
47%
M 1st FRA Raphaël Poiree
47%
M 1st FRA Raphaël Poiree
47%
M 1st FRA Raphaël Poiree
47%
3rd FRA Raphaël Poiree
47%
2nd FRA Raphaël Poiree
47%
3rd FRA Raphaël Poiree
47%
3rd GER Uschi Disl
47%
2nd GER Uschi Disl
47%
2nd GER Uschi Disl
47%
2nd GER Uschi Disl
47%
3rd GER Uschi Disl
47%
3rd GER Uschi Disl
47%
2015/2016 W 1st CZE Gabriela Soukalova
43%
1996/1997 W 1st SWE Magdalena Forsberg
41%
1997/1998 W 1st SWE Magdalena Forsberg
41%
1998/1999 W 1st SWE Magdalena Forsberg
41%
1999/2000 W 1st SWE Magdalena Forsberg
41%
2000/2001 W 1st SWE Magdalena Forsberg
41%
2001/2002 W 1st SWE Magdalena Forsberg
41%
3rd GER Andreas Birnbacher
40%
2nd GER Ricco Groß
40%
3rd GER Ricco Groß
40%
3rd GER Ricco Groß
40%
2nd FRA Marie Dorin Habert
39%
2002/2003 W 1st GER Martina Glagow
39%
3rd GER Martina Glagow
39%
3rd GER Frank Luck
37%
3rd GER Frank Luck
37%
3rd UKR Valj Semerenko
34%
2nd RUS Alexandr Loginov
33%
3rd GDR Eberhard Rösch
31%
3rd GDR Eberhard Rösch
31%
2nd AUT Christoph Sumann
30%
1977/1978 M 1st GDR Frank Ullrich
30%
2nd GDR Frank Ullrich
30%
1979/1980 M 1st GDR Frank Ullrich
30%
1980/1981 M 1st GDR Frank Ullrich
30%
1981/1982 M 1st GDR Frank Ullrich
30%
3rd GDR Frank Ullrich
30%
2008/2009 W 1st SWE Helena Jonsson
30%
3rd SWE Helena Jonsson
30%
3rd FRA Sandrine Bailly
30%
2004/2005 W 1st FRA Sandrine Bailly
30%
2nd FRA Sandrine Bailly
30%
2nd SWE Anna Carin Olofsson
27%
3rd SWE Anna Carin Olofsson
27%
3rd SWE Helena Ekholm
26%
2nd GER Simone Hauswald
26%
3rd URS Svetlana Davidova
24%
1990/1991 W 1st URS Svetlana Davidova
24%
2nd POL Tomasz Sikora
24%
M 1st GDR Frank-Peter Roetsch
23%
M 1st GDR Frank-Peter Roetsch
23%
M 1st GDR Frank-Peter Roetsch
23%
3rd FRA Corinne Niogret
21%
2nd FRA Anne Briand
19%
3rd FRA Anne Briand
19%
3rd FRA Anne Briand
19%
1994/1995 W 1st FRA Anne Briand
19%
3rd RUS Ivan Tcherezov
19%
2nd GER Mark Kirchner
19%
2nd GER Mark Kirchner
19%
3rd GER Petra Behle
19%
2nd NOR Anne Elvebakk
17%
1987/1988 W 1st NOR Anne Elvebakk
17%
2nd NIR Anne Elvebakk
17%
3rd NOR Anne Elvebakk
17%
3rd NOR Frode Andresen
17%
3rd GER Martina Zellner
17%
2nd UKR Olena Zubrilova
17%
2nd UKR Olena Zubrilova
17%
3rd UKR Olena Zubrilova
17%
2nd RUS Olga Pyleva
17%
3rd RUS Olga Pyleva
17%
3rd GER Petra Schaaf
17%
3rd FRA Sylvie Becaert
17%
2nd RUS Dmitri Yaroshenko
16%
1988/1989 W 1st URS Elena Golovina
16%
3rd URS Elena Golovina
16%
3rd GER Simone Greiner
16%
2nd RUS Albina Akhatova
14%
1995/1996 W 1st FRA Emmanuelle Claret
14%
2nd GDR Klaus Siebert
14%
1978/1979 M 1st GDR Klaus Siebert
14%
2nd GDR Klaus Siebert
14%
2nd ITA Nathalie Santer
14%
M 1st FRG Peter Angerer
14%
2nd FRG Peter Angerer
14%
3rd FRG Peter Angerer
14%
2nd FRG Peter Angerer
14%
1993/1994 W 1st BLR Svetlana Paramygina
14%
2nd BLR Svetlana Paramygina
14%
3rd URS Sergei Tchepikov
13%
M 1st URS Sergei Tchepikov
13%
M 1st URS Sergei Tchepikov
13%
1989/1990 W 1st TCH Jiřina Adamičková
11%
M 1st RUS Vladimir Drachev
11%
2nd BLR Vladimir Drachev
11%
1991/1992 W 1st CIS Anfisa Reztsova
9%
1992/1993 W 1st RUS Anfisa Reztsova
9%
2nd NOR Eirik Kvalfoss
9%
3rd NOR Eirik Kvalfoss
9%
2nd NOR Eirik Kvalfoss
9%
M 1st NOR Eirik Kvalfoss
9%
2nd NOR Eirik Kvalfoss
9%
2nd SWE Eva Korpela
9%
1985/1986 W 1st SWE Eva Korpela
9%
1986/1987 W 1st SWE Eva Korpela
9%
2nd RUS Pavel Rostovtsev
9%
3rd ITA Wilfried Pallhuber
9%
M 1st FRA Patrice Bailly-Salins
7%
2nd GDR Matthias Jacob
6%
3rd GDR Matthias Jacob
6%
2nd SWE Mikael Löfgren
6%
M 1st SWE Mikael Löfgren
6%
2nd CAN Myriam Bédard
6%
2nd CAN Myriam Bédard
6%
3rd ITA Pieralberto Carrara
6%
3rd ITA Johann Passler
4%
M 1st NOR Jon Åge Tyldum
4%
M 1st NOR Jon Åge Tyldum
4%
2nd ITA Patrick Favre
4%
3rd NOR Sylfest Glimsdal
4%
2nd RUS Viktor Maigourov
4%
3rd RUS Viktor Maigourov
4%
3rd ITA Andreas Zingerle
3%
M 1st GDR André Sehmisch
3%
1982/1983 W 1st NOR Gry Ostvik
3%
3rd NOR Gry Ostvik
3%
3rd TCH Jan Matouš
3%
3rd FIN Aino Kallunki
1%
2nd URS Alexandr Popov
1%
2nd URS Juri Kashkarov
1%
3rd URS Kaija Parve
1%
3rd NOR Kjell Sobak
1%
3rd NOR Kjell Sobak
1%
2nd URS Natalia Prikazchikova
1%
2nd NOR Sanna Gronlid
1%
1984/1985 W 1st NOR Sanna Gronlid
1%
2nd NOR Sanna Gronlid
1%
3rd NOR Sanna Gronlid
1%
2nd NOR Siv Bråten
1%
3rd URS Valeriy Medvedtsev
1%
2nd URS Anatoly Alyabyev
0%
3rd CAN Lise Meloche
0%
1983/1984 W 1st NOR Mette Mestad
0%
3rd BUL Nadezhda Aleksieva
0%
3rd URS Vladimir Barnashov
0%
Keine übereinstimmenden Quizze gefunden
Verteilung der Resultate
Anzahl Personen mit jedem Resultat
Perzentil nach korrekt beantworteten Fragen
Ihre Resultats-Entwicklung
Sie haben dieses Quiz seit der letzten Aktualisierung nicht gespielt